000 00338 a2200157 4500
001 59093
020 _a8508085982
040 _cAnchieta - Pituba
100 _aMoraes, Antônio Carlos Robert
240 1 0 _aA fazenda de café
_lpor
245 1 0 _aA fazenda de café
300 _a39
362 0 _a2003
650 4 _aBrasil
942 _cBK
999 _c59093
_d59093